000 00458nam a2200157 i 4500
001 bg
245 0 _aUkłady przełączające w automatyce przemysłowej :
_bzadania : praca zbiorowa /
_cpod red. Henryka Małysiaka.
260 _aWarszawa :
_bWNT,
_c1981.
650 9 _aAutomatyka
_xurządzenia
700 1 _aMałysiak, Henryk.
_eRed.
040 _cBPK
041 _apol
080 _a62-5:681.5
942 _cKS
008 s pl f |000 0 pol
999 _c19995
_d19995
856 _uhttp://koha.tu.koszalin.pl/cgi-bin/koha/opac-detail.pl?biblionumber=19995
_yKatalog online BPK